Piaroa (Registro nro. 16448)
[ vista simple ]
| 000 -CABECERA | |
|---|---|
| Campo de control | 00520aga a2200205 4500 |
| 005 - FECHA Y HORA DE LA ULTIMA TRANSACCION | |
| Campo de control | 20180803170100.0 |
| 008 - ELEMENTOS DE LONGITUD FIJA—INFORMACION GENERAL | |
| Campo de control | 170214b xxu||||| |||| 00| 0 spa d |
| 040 ## - FUENTE DE CATALOGACIÓN | |
| Agencia catalogadora original | CO-BoIAVH |
| Agencia transcriptora | CO-BoIAVH |
| 041 ## - IDIOMA | |
| Código de idioma para texto/pista de sonido o título separado | Español |
| 090 ## - CLASIFICACIÓN LOCAL | |
| Colección | MM |
| Consecutivo | 00053 |
| 110 1# - ASIENTO PRINCIPAL--NOMBRE CORPORATIVO | |
| Nombre corporativo o de jurisdicción como elemento de entrada | PROVITA |
| 245 10 - MENCION DE TITULO | |
| Título | Piaroa |
| 257 ## - PAIS DE LA ENTIDAD PRODUCTORA DE FILMES DE ARCHIVO | |
| País de la entidad productora | . |
| 300 ## - DESCRIPCION FISICA | |
| Extensión | 10 min. |
| Otros detalles físicos | VHS |
| 650 14 - ASIENTO SECUNDARIO DE MATERIA - TERMINO TEMATICO | |
| Término temático o nombre geográfico como elemento de entrada | Comunidades indígenas |
| 650 14 - ASIENTO SECUNDARIO DE MATERIA - TERMINO TEMATICO | |
| Término temático o nombre geográfico como elemento de entrada | Comunidad Piaroa |
| 650 14 - ASIENTO SECUNDARIO DE MATERIA - TERMINO TEMATICO | |
| Término temático o nombre geográfico como elemento de entrada | Uso sostenible del bosque |
| 650 14 - ASIENTO SECUNDARIO DE MATERIA - TERMINO TEMATICO | |
| Término temático o nombre geográfico como elemento de entrada | Manejo de bosques |
| 942 ## - ELEMENTOS ADICIONALES (KOHA) | |
| Tipo de ítem | VHS |
| Sistema de clasificación | Local |
| Withdrawn status | Lost status | Sistema de Clasificación | Damaged status | No para préstamo | Colección | Ubicación Permanente | Ubicación actual | Fecha de adquisición | Fuente de adquisición | Total Checkouts | Número topográfico | Inventario / Código de Barras | Date last seen | Ejemplar | Price effective from | Forma de adquisición | Tipo de material |
|---|---|---|---|---|---|---|---|---|---|---|---|---|---|---|---|---|---|
| Local | Audiovisual | Bogotá | Bogotá | 09/02/2017 | Salcedo, Mauricio | AV-00053 | 018264 | 25/03/2015 | Ej. 1 | 25/03/2015 | Donación | VHS | |||||
| Local | Audiovisual | Bogotá | Bogotá | 03/05/2004 | AV-00053 | 018452 | 25/03/2015 | Ej. 2 | 25/03/2015 | Donación | VHS | ||||||
| Audiovisual | Villa de Leyva | Villa de Leyva | 03/05/2004 | MM 00053 | AUTO_19741 | 25/03/2015 | 25/03/2015 | CD-ROM |